| 000 | 00705nam a2200265 a 4500 | ||
|---|---|---|---|
| 001 | 000110511 | ||
| 003 | CHAP | ||
| 005 | 20220329144136.0 | ||
| 008 | 140905s2009 mx |r| ||||||spa d | ||
| 010 | _a106973 | ||
| 011 | _a107945 | ||
| 020 | _a9786070025099 | ||
| 040 | _cCHAP | ||
| 082 | 0 | 4 |
_a863 _bE18 |
| 100 | 1 |
_aEcheverría, Adán _9128307 |
|
| 245 | 1 | 0 |
_aArena / _cpor Adán Echeverría. |
| 260 |
_aMéxico, D. F. : _bEditorial Atemporia _bInstituto de Cultura de Yucatán, _c2009. |
||
| 300 | _a127 p. | ||
| 590 |
_aE5765TAJ _b05 _c20140905 _lUCH01 _h1134 |
||
| 650 | 1 | 4 |
_aLiteratura mexicana. _967138 |
| 650 | 1 | 4 |
_aNovela mexicana. _982025 |
| 901 | _aBK | ||
| 942 | _cLIBRO | ||
| 942 | _n0 | ||
| 999 |
_c106973 _d106973 |
||